RFLP mapping of five major genes and eight quantitative trait loci controlling flowering time in a winter x spring barley (Hordeum vulgare L.) cross (Record no. 67013)

MARC details
000 -LEADER
fixed length control field 00549nam a2200193Ia 4500
100 ## - MAIN ENTRY--AUTHOR NAME
Personal name Laurie D A
245 #0 - TITLE STATEMENT
Title RFLP mapping of five major genes and eight quantitative trait loci controlling flowering time in a winter x spring barley (Hordeum vulgare L.) cross
260 ## - PUBLICATION, DISTRIBUTION, ETC. (IMPRINT)
Name of publisher Genome
Year of publication 1995
300 ## - PHYSICAL DESCRIPTION
Number of Pages 575-585
650 ## - SUBJECT ADDED ENTRY--TOPICAL TERM
Topical Term Barley
650 ## - SUBJECT ADDED ENTRY--TOPICAL TERM
Topical Term Mapping
650 ## - SUBJECT ADDED ENTRY--TOPICAL TERM
Topical Term Photoperiod
650 ## - SUBJECT ADDED ENTRY--TOPICAL TERM
Topical Term RFLP
700 ## - ADDED ENTRY--PERSONAL NAME
Personal name Bezant J H
700 ## - ADDED ENTRY--PERSONAL NAME
Personal name Pratchett N
700 ## - ADDED ENTRY--PERSONAL NAME
Personal name Snape J W
942 ## - ADDED ENTRY ELEMENTS (KOHA)
Koha item type Journals
Holdings
Withdrawn status Lost status Damaged status Not for loan Home library Current library Shelving location Date acquired Serial Enumeration / chronology Koha item type
      Journals RRII Library RRII Library RFLP 18/10/1995 Volume 38, Issue 3 Journals